Players Championships 2018 (Darts) - Statistiken

Allgemein
  • Dieses Quiz wurde 24 mal gespielt
  • Das Durchschnittsergebnis liegt bei 15 aus 22
Antwortstatistiken
Turnier Sieger Nationalität % Korrekt
1 Michael van Gerwen Niederlande
94%
2 Michael van Gerwen Niederlande
94%
5 Michael van Gerwen Niederlande
94%
9 Michael van Gerwen Niederlande
94%
3 Gary Anderson Schottland
88%
4 Gary Anderson Schottland
88%
11 Gary Anderson Schottland
88%
21 Krzysztof Ratajski Polen
81%
22 Krzysztof Ratajski Polen
81%
14 Peter Wright Schottland
81%
17 Peter Wright Schottland
81%
19 Max Hopp Deutschland
69%
7 Michael Smith England
69%
13 Rob Cross England
69%
20 Danny Noppert Niederlande
63%
6 Ian White England
56%
16 Ian White England
56%
8 Mickey Mansell Nordirland
50%
10 Jeffrey de Zwaan Niederlande
44%
18 Nathan Aspinall England
38%
15 Mervyn King England
31%
12 Josh Payne England
13%
Keine übereinstimmenden Quizze gefunden
Verteilung der Resultate
Anzahl Personen mit jedem Resultat
Perzentil nach korrekt beantworteten Fragen
Ihre Resultats-Entwicklung
Sie haben dieses Quiz noch nicht gespielt